[Event "FRA-ch op-C"]
[Site "Caen"]
[Date "2011.08.26"]
[Round "10"]
[White "Rocland, Christophe"]
[Black "Cepisul, Desire"]
[Result "0-1"]
[WhiteElo "1701"]
[BlackElo "1772"]
[PlyCount "70"]
[EventDate "2011.08.16"]
[EventType "swiss"]
[EventRounds "11"]
[EventCountry "FRA"]
[SourceTitle "EXT 2012"]
[Source "ChessBase"]
[SourceDate "2011.11.24"]
[SourceVersion "1"]
[SourceVersionDate "2011.11.24"]
[SourceQuality "1"]

1. d4 d5 2. e4 dxe4 3. Nc3 e6 4. Nxe4 c6 5. Nf3 Nf6 6. Bd3 Be7 7. 0-0 0-0 8. Re1 Nbd7 9. c4 c5 10. Nxf6+ Nxf6 11. Bg5 h6 12. Bh4 b6 13. d5 exd5 14. cxd5 Nxd5 15. Be4 Bxh4 16. Bxd5 Rb8 17. Qb3 Bf6 18. Rad1 Qc7 19. Qc2 Bb7 20. Bxb7 Qxb7 21. b3 Rbd8 22. h3 Rfe8 23. Rxe8+ Rxe8 24. Qc4 Re4 25. Qb5 a6 26. Rd7 axb5 27. Rxb7 Re6 28. Rb8+ Kh7 29. Kf1 Bc3 30. Rb7 f6 31. g4 c4 32. Nh4 Bb4 33. Rc7 c3 34. Nf5 Bc5 35. Nxg7 Re7 0-1

[Event "Montpellier op"]
[Site "Montpellier"]
[Date "2007.12.28"]
[Round "6"]
[White "Rocland, Christophe"]
[Black "Jeanjean, Laurent"]
[Result "1-0"]
[WhiteElo "1604"]
[BlackElo "1996"]
[PlyCount "65"]
[EventDate "2007.12.26"]
[EventType "swiss"]
[EventRounds "7"]
[EventCountry "FRA"]
[SourceTitle "CBM 122 Extra"]
[Source "ChessBase"]
[SourceDate "2008.03.04"]
[SourceVersion "1"]
[SourceVersionDate "2008.03.04"]
[SourceQuality "1"]

1. d4 d5 2. e4 dxe4 3. Nc3 e5 4. Qh5 Bb4 5. Qxe5+ Kf8 6. Qxe4 Nf6 7. Qd3 Nc6 8. Be3 g6 9. Nf3 Kg7 10. Be2 Bf5 11. Qd1 Ne4 12. Bd2 Nxd4 13. Nxd4 Qxd4 14. Bh6+ Kxh6 15. Qxd4 Bc5 16. Qa4 Bxf2+ 17. Kf1 Nxc3 18. bxc3 Bb6 19. Bd3 Be6 20. Qf4+ Kg7 21. h4 h5 22. c4 Rhd8 23. Qe5+ Kg8 24. Re1 Bd4 25. Qg5 Rd6 26. Bxg6 Bxc4+ 27. Bd3+ Rg6 28. Qxg6+ fxg6 29. Bxc4+ Kh8 30. Rh3 Rd8 31. Re6 Bb6 32. Bd3 Bd4 33. Rxg6 1-0